| 000 -ლიდერი |
| ფიქსირებული სიგრძის საკონტროლო ველი |
01816nam a2200289Ia 4500 |
| 001 - საკონტროლო ნომერი |
| საკონტროლო ველი |
18410 |
| 003 - საკონტროლო ნომრის იდენტიფიკატორი |
| საკონტროლო ველი |
GE_BSU |
| 005 - ბოლო ოპერაციის თარიღი და დრო |
| საკონტროლო ველი |
20250428113110.0 |
| 008 - ფიქსირებული სიგრძის მონაცემთა ელემენტები - ზოგადი ინფორმაცია |
| ფიქსირებული სიგრძის საკონტროლო ველი |
181216s2016||||ge |||||||||||||| ||geo|| |
| 020 ## - წიგნის საერთაშორისო სტანდარტული ნომერი |
| International Standard Book Number |
9789941917184 |
| 040 ## - კატალოგიზაციის წყარო |
| Transcribing agency |
GE_BSU |
| 041 ## - ენის კოდი |
| Language code of text/sound track or separate title |
geo |
| 080 ## - უნივერსალური ათობითი კლასიფიკაციის ინდექსი |
| Universal Decimal Classification number |
811.353.1-84(560) ქ-16 |
| 245 ## - ცნობა სათაურის შესახებ |
| Title |
ქართული ენისა და ლიტერატურის სპეციალობა თურქეთის უნივერსიტეტებში / |
| Statement of responsibility, etc |
ავთანდილ ნიკოლეიშვილი, სულხან კუპრაშვილი, ომარ ნიშნიანიძე, გიგა ქამუშაძე; რედაქტორები: დავით გეგეჭკორი, ლუკა დვალიშვილი. |
| 264 ## - წარმოების, გამოცემის, დისტრიბუციის და სხვა ცნობები |
| გამოცემის, წარმოების, დისტრიბუციის... ადგილი |
ქუთაისი : |
| გამოცემის, წარმოების, დისტრიბუციის... სახელწოდება |
აკაკი წერეთლის სახელმწ. უნ-ტის გამ-ბა, |
| გამოცემის, წარმოების, დისტრიბუციის... თარიღი |
2016. |
| 300 ## - ფიზიკური აღწერა |
| Extent |
76 გვ.; |
| Other physical details |
ფოტო; |
| Dimensions |
19 სმ. |
| 520 ## - SUMMARY, ETC. |
| Summary, etc |
რეზიუმე თურქულ ენაზე. |
| 653 ## - INDEX TERM--UNCONTROLLED |
| Uncontrolled term |
უნივერსიტეტები თურქეთში |
| 653 ## - INDEX TERM--UNCONTROLLED |
| Uncontrolled term |
ქართველოლოგია |
| 700 ## - ADDED ENTRY--PERSONAL NAME |
| Personal name |
ნიკოლეიშვილი, ავთანდილ |
| Relator term |
ავტორი |
| 9 (RLIN) |
296 |
| 700 ## - ADDED ENTRY--PERSONAL NAME |
| Personal name |
კუპრაშვილი, სულხან |
| Relator term |
ავტორი |
| 9 (RLIN) |
24957 |
| 700 ## - ADDED ENTRY--PERSONAL NAME |
| Personal name |
ნიშნიანიძე, ომარ |
| Relator term |
ავტორი |
| 9 (RLIN) |
6024 |
| 700 ## - ADDED ENTRY--PERSONAL NAME |
| Personal name |
ქამუშაძე, გიგა |
| Relator term |
ავტორი |
| 9 (RLIN) |
24958 |
| 700 ## - ADDED ENTRY--PERSONAL NAME |
| Personal name |
გეგეჭკორი, დავით |
| Relator term |
რედაქტორი |
| 9 (RLIN) |
15266 |
| 700 ## - ADDED ENTRY--PERSONAL NAME |
| Personal name |
დვალიშვილი, ლუკა |
| Relator term |
რედაქტორი |
| 9 (RLIN) |
18650 |
| 942 ## - ADDED ENTRY ELEMENTS (KOHA) |
| Koha item type |
წიგნი |
| Source of classification or shelving scheme |
|